Bellissima /

Guardat en:
Dades bibliogràfiques
Autor principal: Visconti, Luchino (Autor)
Altres autors: Zavattini, Cesare, Ungari, Enzo
Format: Llibre
Idioma:italià
Publicat: Bologna : Cappelli, c1978
Col·lecció:NUCcinema ; 5
Matèries:
Etiquetes: Afegir etiqueta
Sense etiquetes, Sigues el primer a etiquetar aquest registre!

MARC

LEADER 00000nam a2200000 i 4500
001 IT\ICCU\RAV\0157201
003 ItRI
005 20260115232322.0
008 910917s1978 it |||||| ||||| |||||c
040 |b ita  |c importazione bologna sebina 
041 7 |a ita  |2 ISO-639-2 
100 1 |a Visconti, Luchino  |0 IT\ICCU\CFIV\013289  |4 aut 
245 1 0 |a Bellissima /  |c Luchino Visconti ; introduzione di Cesare Zavattini ; trascrizione del film di Enzo Ungari. 
260 |a Bologna :  |b Cappelli,  |c c1978 
300 |a 173 p. :  |b ill. ;  |c 20 cm 
650 7 |a Bellissima <film> 
700 1 |a Zavattini, Cesare  |0 IT\ICCU\CFIV\005100 
700 1 |a Ungari, Enzo  |0 IT\ICCU\CFIV\022752 
790 1 |a Dzavattini, Česare  |3 IT\ICCU\BVEV\043230  |z Zavattini, Cesare 
790 1 |a Visconti, Lukino  |3 IT\ICCU\BVEV\043227  |z Visconti, Luchino 
830 0 |a NUCcinema ;  |v 5  |0 IT\ICCU\RAV\0133897 
942 |2 ddc  |c BK  |n 0 
952 |0 0  |1 0  |4 0  |6 DOC_791_437000000000000_VIS  |7 0  |9 24101  |a BO  |b BO  |d 2026-01-15  |i 5123  |l 0  |o DOC 791.437 VIS  |p BO5123  |r 2026-01-15 23:23:22  |w 2026-01-15  |x [Sebina 5] [1 v.]  |y BK  |z 1 v. 
999 |c 20519  |d 20519